000 00389nam a22001457a 4500
020 _qPB.
040 _cFIZZA ISHAQ
082 _a690.028
_bILL
100 _aILLINGWORTH , J.R .
_9133436
245 _aConstruction Methods and Planning /
_c J.R. ILLINGWORTH.
250 _a2ND ED.
260 _aNEW YORK:
_bCRC Press,
_c2000.
300 _a427 P. ;
_c7.9 X 10 X 1 inches
942 _2ddc
_cBK
999 _c616387
_d616387